zpět

Detail výsledku týmu

U Lucerny ST, Brno

Datum a čas kvízu

23.5 Celkem bodů Celkový počet nahraných bodů na tomto kvízu bez doplňovacích otázek.
10. Pořadí na kvízu Konečné umístění týmu na tomto kvízu.

Zaznamenané odpovědi

# Otázka Odpověď Body Výsledky
1. Až na jih Moravy se zatoulal p... D) pelikán 1
2. 54letá učitelka Gill Punt z br... A) za ledního medvěda 0
3. Britská kapela, která byla zal... Black Sabbath 0
4. Jedna japonská automobilka ve... Nissan, Honda 0.5
5. Tento osmnáctiletý český rychl... Metoděj Jílek 0
6. Kterým podstatným jménem se oz... bakteriofágy/fágy 1
7. V roce 2016 vyhlásila WHO glob... zika 0
8. Přiřaďte viry k onemocněním, k... 1D 2B 3A 4C 1
9. Viry mají svou genetickou info... U (uracil) 1
10. V oblíbené ptačí rezervaci z n... Pandemie 0